• 首页
  • 本馆介绍
  • 公告通知
  • 最新文献
  • 馆藏检索
  • 电子资源
  • 读者导购
  • 参考咨询
  • 我的图书馆
  • 登录
  • 详细信息显示
  • 放入我的书架
  • 预约/预借图书
  • 作者相关作品
  • 分类相关作品
  • 丛书相关作品
  • 出版社相关作品

书目信息

  • 表格格式
  • 工作单格式
  • 卡片格式
题名:
民族声乐花腔女高音演唱技法研究
    
 
作者: 张晶晶 著
分册:  
出版信息: 长春   吉林出版集团股份有限公司  2021.1
页数: 175页
开本: 23cm
丛书名:
单 册:
中图分类: J616.21
科图分类:
主题词: 民族声乐--花腔女高音--歌唱法--研究--中国
电子资源:
ISBN: 978-7-5581-8886-2
000 00941nam0 2200241 45
001 012001001249
005 20130911082756.0
010    @a978-7-5581-8886-2@dCNY52.00
100    @a20210104d2020 em y0chiy0110 ea
101 0  @achi
102    @aCN@b220000
105    @aag z 000yy
106    @ar
200 1  @a民族声乐花腔女高音演唱技法研究@Amin zu sheng yue hua qiang nv gao yin yan chang ji fa yan jiu@f张晶晶著
210    @a长春@c吉林出版集团股份有限公司@d2021.1
215    @a175页@c图@d23cm
300    @a2017年度辽宁省教育厅高等学校人文社科类青年项目“民族声乐花腔女高音演唱技法研究”
330    @a本书分为四章,主要内容包括:欧洲美声唱法与花腔技法探源、民族声乐花腔女高音演唱特征分析、花腔女高音的训练、民族声乐作品中花腔技法的运用。
606 0  @a民族声乐@x花腔女高音@x歌唱法@x研究@y中国
690    @aJ616.21@v5
701  0 @a张晶晶@Azhang jing jing@4著
801    @aCN@b江苏凤凰@c20211018
905    @b1342769-72@dJ616.21@e1309@f4
    
    民族声乐花腔女高音演唱技法研究/张晶晶著.-长春:吉林出版集团股份有限公司,2021.1
    175页:图;23cm
    2017年度辽宁省教育厅高等学校人文社科类青年项目“民族声乐花腔女高音演唱技法研究”
    
    ISBN 978-7-5581-8886-2:CNY52.00
    本书分为四章,主要内容包括:欧洲美声唱法与花腔技法探源、民族声乐花腔女高音演唱特征分析、花腔女高音的训练、民族声乐作品中花腔技法的运用。
●
相关链接 在E读中查询图书 在五车中查询图书 在当当中查询图书 在豆瓣中查询图书


正题名:民族声乐花腔女高音演唱技法研究     索取号:J616.21/1309         预约/预借

序号 登录号 条形码 馆藏地/架位号 状态 备注
1 1342769   213427692   第一样本阅览室/ [索取号:J616.21/1309] 在馆    
2 1342770   213427709   第一借阅区/ [索取号:J616.21/1309] 在馆    
3 1342771   213427718   第一借阅区/ [索取号:J616.21/1309] 在馆    
4 1342772   213427727   第一借阅区/ [索取号:J616.21/1309] 在馆    
唐山师范学院图书馆 欢迎您!
大连网信软件有限公司© 版权所有